No longer you - EPIC:The Musical Lyrics - Statistics

General Stats
  • This quiz has been taken 335 times
  • The average score is 186 of 200
Answer Stats
Answer % Correct
A
100%
I
100%
No
100%
You
100%
See
99%
The
99%
And
98%
Long
98%
Longer
98%
Of
98%
with
98%
With
98%
Am
97%
But
97%
It
97%
Man
97%
Men
97%
Past
97%
Who
97%
WHO
97%
Be
96%
Final
96%
Future
96%
Get
96%
Home
96%
Is
96%
Prophet
96%
Romance
96%
Song
96%
Your
96%
It's
94%
Not
94%
Seek
94%
Stand
94%
To
94%
Alive
91%
Answers
91%
Betrayal
91%
Breath
91%
Brother's
91%
Death
91%
Make
91%
Where
91%
World
91%
Free
90%
On
90%
Sacrifice
90%
Help
89%
Know
89%
Wife
89%
Brink
88%
Running
88%
That's
88%
There
88%
Time
88%
Gets
87%
Red
87%
In
86%
I've
86%
What ?
86%
Palace
84%
Covered
83%
Dead
83%
Draw
83%
Trail
83%
Unlocked
83%
Bodies
82%
Can't
81%
Portrayals
80%
This
79%
Nothing
77%
Suffered
77%
Believed
76%
For
76%
Tell
76%
You're
76%
We've
75%
Had
73%
Haunting
73%
Us
72%
Faces
71%
Our
71%
Through
68%
Effort's
67%
Sailed
67%
Hells
63%
Now
63%
Toughest
63%
No matching quizzes found
Score Distribution
Percent of People with Each Score
Percentile by Number Answered
Your Score History
You have not taken this quiz